| 000 | 00968nam a2200253 a 4500 | ||
|---|---|---|---|
| 001 | BRCA_4346 | ||
| 005 | 20190320204633.0 | ||
| 008 | 100527s2009 mx-a######---#000-0#spa-# | ||
| 020 | _a9786074170757 | ||
| 041 | _aspa | ||
| 044 | _amx | ||
| 050 | 4 |
_aN8012 _b.S56 2009 |
|
| 245 | 1 | 0 |
_aSin centenario ni bicentenario _brevoluciones alternas. |
| 260 |
_aMéxico _bUniversidad Iberoamericana _c2009 |
||
| 300 |
_a175 p. _bil. (algunas a color) _c21 cm. |
||
| 500 | _aIncluye lista de obra de la exposición | ||
| 500 | _aCatálogo de la exposición realizada en la Universidad Iberoamericana (Ciudad de México), 19 octubre - 4 diciembre, 2009 | ||
| 500 | _aIncluye piezas de la colección Franz Mayer: p. 19 y 22 | ||
| 650 | 1 | 4 |
_aIdentidad de género en el arte _vExposiciones _911111 |
| 650 | 1 | 4 |
_aMujeres en el arte _vExposiciones _911112 |
| 650 | 1 | 4 |
_aFeminismo y arte _vExposiciones _911113 |
| 650 | 1 | 4 |
_aMasculinidad y arte _vExposiciones _911114 |
| 942 |
_2lcc _cB |
||
| 999 |
_c4057 _d4057 |
||